[Event "POL-ch (Women)"]
[Site "Wroclaw"]
[Date "1987.??.??"]
[Round "14"]
[White "Jagodzinska, Joanna"]
[Black "Nowicki, Eva"]
[Result "1-0"]
[WhiteElo "2200"]
[BlackElo "2140"]
[PlyCount "65"]
[EventDate "1987.??.??"]
[EventType "tourn"]
[EventRounds "15"]
[EventCountry "POL"]
[SourceTitle "EXT 1997"]
[Source "ChessBase"]
[SourceDate "1996.11.15"]
[SourceVersion "1"]
[SourceVersionDate "1996.11.15"]
[SourceQuality "1"]

1. e4 c5 2. Nf3 e6 3. d4 cxd4 4. Nxd4 Nf6 5. Nc3 d6 6. Be3 a6 7. g4 h6 8. Rg1 Nc6 9. h4 Be7 10. g5 hxg5 11. hxg5 Nd7 12. g6 Nf6 13. gxf7+ Kxf7 14. f4 Qa5 15. Nf3 Nxe4 16. Qd3 d5 17. 0-0-0 Nb4 18. Qd4 Nf6 19. Ne5+ Ke8 20. Rxg7 Rg8 21. Rxe7+ Kxe7 22. Qc5+ Qxc5 23. Bxc5+ Kd8 24. Bxb4 Kc7 25. a4 Nd7 26. Nxd7 Bxd7 27. f5 a5 28. Ba3 Rad8 29. Be7 Rde8 30. f6 Rh8 31. Bd3 d4 32. Nb5+ Bxb5 33. Bxb5 1-0

[Event "POL-ch (Women)"]
[Site "Wroclaw"]
[Date "1987.??.??"]
[Round "12"]
[White "Jagodzinska, Joanna"]
[Black "Strzalka, Joanna"]
[Result "1-0"]
[WhiteElo "2200"]
[BlackElo "2170"]
[PlyCount "69"]
[EventDate "1987.??.??"]
[EventType "tourn"]
[EventRounds "15"]
[EventCountry "POL"]
[SourceTitle "EXT 1997"]
[Source "ChessBase"]
[SourceDate "1996.11.15"]
[SourceVersion "1"]
[SourceVersionDate "1996.11.15"]
[SourceQuality "1"]

1. e4 e5 2. Nf3 Nc6 3. Bb5 Bc5 4. c3 f5 5. d4 fxe4 6. Bxc6 dxc6 7. Nfd2 Bd6 8. dxe5 e3 9. fxe3 Bc5 10. Qh5+ g6 11. Qf3 Bf5 12. e4 Be6 13. Nb3 Bb6 14. Bf4 Nh6 15. h3 g5 16. Be3 g4 17. Qf4 Bxe3 18. Qxe3 Qh4+ 19. g3 Qh5 20. h4 Nf7 21. Nd4 Qxe5 22. Nd2 Nd6 23. Qf4 Qxf4 24. gxf4 Ke7 25. 0-0 Raf8 26. Kh2 Bc4 27. Rf2 Rhg8 28. Kg3 c5 29. e5 Ne8 30. Nxc4 cxd4 31. f5 dxc3 32. bxc3 c6 33. Rd1 Nc7 34. f6+ Ke8 35. f7+ 1-0

[Event "POL-ch (Women)"]
[Site "Wroclaw"]
[Date "1987.??.??"]
[Round "7"]
[White "Kurlenda, Alicja"]
[Black "Jagodzinska, Joanna"]
[Result "1/2-1/2"]
[WhiteElo "2000"]
[BlackElo "2200"]
[PlyCount "86"]
[EventDate "1987.??.??"]
[EventType "tourn"]
[EventRounds "15"]
[EventCountry "POL"]
[SourceTitle "EXT 1997"]
[Source "ChessBase"]
[SourceDate "1996.11.15"]
[SourceVersion "1"]
[SourceVersionDate "1996.11.15"]
[SourceQuality "1"]

1. e4 c5 2. c3 d5 3. exd5 Qxd5 4. d4 Nc6 5. Nf3 Nf6 6. Be2 cxd4 7. cxd4 e6 8. 0-0 Be7 9. Nc3 Qd6 10. Re1 0-0 11. Be3 a6 12. Rc1 Rd8 13. Qd2 b5 14. Bf4 Qd7 15. Ne5 Nxe5 16. Bxe5 Ne8 17. Bg4 Bb7 18. Qe3 Rac8 19. Red1 b4 20. Ne2 Nf6 21. Bf3 Bxf3 22. Qxf3 Qd5 23. Qxd5 Nxd5 24. Kf1 f6 25. Bg3 Kf7 26. Ke1 Ke8 27. Rd2 Rxc1+ 28. Nxc1 Rc8 29. Nb3 Kd7 30. Kd1 Nb6 31. Nc5+ Bxc5 32. dxc5+ Nd5 33. Bd6 Kc6 34. Rd3 h5 35. Rh3 g6 36. a3 Kb5 37. Kc2 a5 38. Kb3 a4+ 39. Kc2 b3+ 40. Kd2 Rd8 41. Rh4 e5 42. Re4 Rd7 43. g3 Rd8 1/2-1/2